000
00260nam a22001217a 4500
020
_a
0-7214-1576-8
082
_a
823
_b
HUN/T
100
_a
HUNIA FRAN
245
_a
THE THREE LITTLE PIGS
260
_a
UK
_b
LADY BIRD
650
_a
ENGLISH SHORT STORY
942
_c
BK
999
_c
2108
_d
2108